Sports Quiz

Random Sports or NBA Quiz

NBA chain quiz Stats

 Plays Quiz not verified by Sporcle

Support Sporcle.
Go Orange.
Score 0/49 Timer 08:00
0 Plays Today
% Correct
???
99.9%
???
95%
???
92.1%
???
63.5%
???
58.4%
???
56.8%
???
56.8%
???
55.9%
???
48.4%
???
47.4%
???
46.9%
???
42.3%
???
37.8%
???
37.4%
???
37.1%
???
37.1%
???
36.9%
???
33.5%
???
32.1%
???
32%
???
26.3%
???
25.8%
???
25.6%
???
24.1%
???
23.6%
% Correct
???
23%
???
22.9%
???
22.1%
???
16.5%
???
13.5%
???
13.4%
???
13.3%
???
12%
???
10.9%
???
10.7%
???
10.6%
???
8.2%
???
8.1%
???
8%
???
7.9%
???
7.9%
???
7.1%
???
4.4%
???
3.1%
???
3.1%
???
3%
???
3%
???
2.9%
???
2.6%

You're not logged in!

Compare scores with friends on all Sporcle quizzes.
OR
Log In

From the Vault

African Mammals

by Hejman

We recommend humming along to the song 'Africa' by Toto while playing this quiz.
Remove Ads.
Support Sporcle.
Get the best of Sporcle when you Go Orange. This ad-free experience offers more features, more stats, and more fun while also helping to support Sporcle. Thank you for becoming a member.

Show Comments

Extras

Created Dec 23, 2018ReportNominate
Tags:Clickable Quiz, NBA Quiz

Top Quizzes Today


Score Distribution

Your Account Isn't Verified!

In order to create a playlist on Sporcle, you need to verify the email address you used during registration. Go to your Sporcle Settings to finish the process.

Report this User

Report this user for behavior that violates our Community Guidelines.

Details: